El resultado electoral chileno y el desafío democrático /

Guardat en:
Dades bibliogràfiques
Autor principal: Gallardo, Helio
Format: Text
Etiquetes: Afegir etiqueta
Sense etiquetes, Sigues el primer a etiquetar aquest registre!

MARC

LEADER 00000 a a2200000 04500
001 42729
003
040
100 |a Gallardo, Helio  
245 |a El resultado electoral chileno y el desafío democrático /  |c Helio Gallardo  
773 |g número147 ( , 2010), páginas 1-11  
999 |c 31108  |d 31108